The Internet marketing plan

Αποθηκεύτηκε σε:
Λεπτομέρειες βιβλιογραφικής εγγραφής
Κύριος συγγραφέας: Bayne, Kim M.
Μορφή: Βιβλίο
Γλώσσα:English
Δημοσίευση: New York ; Chichester : John Wiley, c1997
Θέματα:
Ετικέτες: Προσθήκη ετικέτας
Δεν υπάρχουν, Καταχωρήστε ετικέτα πρώτοι!

MARC

LEADER 00000nam a2200000 i 4500
001 1/1960
008 000419s1997 eng d
020 |a 0471172952 
035 |l 10060224 
040 |a GR-MY-UA  |b gre  |e aacr 
041 0 |a eng 
082 0 |a 658.84 
100 1 |a Bayne, Kim M. 
245 1 4 |a The Internet marketing plan /  |c Kim M. Bayne 
260 |a New York ; Chichester :   |b John Wiley,   |c c1997 
300 |a xx, 379 p.;  |b ill.;  |c 24 cm.+  |e 1 computer disk (3 1/2 in.) 
504 |a Includes index 
650 0 0 |a Internet marketing. 
852 |a INST  |b SAMOS  |e 20000419  |h 658.84 BAY  |p 005300015263  |q 005300015263  |t BK  |y 0 
852 |a INST  |b SAMOS  |e 20000419  |h 658.84 BAY   |p 005300017548  |q 005300017548  |t BK  |y 0 
901 |a BIBL3-2000-1 
909 |a Σ  |b 067783 
909 |a Σ  |b 067782 
922 |a 3ΕΛΗ  |b 200004  |c ΤΠΕΣ/ΤΑΚΤ  |d ΠΑΠΑΣΩΤΗΡΙΟΥ 
970 |a ΓΕΝΟΥΖΟΥ  |b ΧΡΥΣΑΝΘΗ  |z 2000/04/19